000 00216 a2200097 4500
001 29772
100 _aFussell W F J
245 _aMeasurement of engineering services
260 _a
_bSpon
_c
090 _c19789
_d19789
942 _aNUST-CAE
_cM
_c10878
999 _c264845
_d264845